[Event "Gatineau Loisirs"]
[Site "Gatineau CAN"]
[Date "2013.11.05"]
[Round "4"]
[White "Raymond, Daniel"]
[Black "Jobin, Gilles G"]
[Result "0-1"]
[WhiteElo "1591"]
[BlackElo "1721"]
[PlyCount "104"]
[GameId "2160767909225067"]
[EventDate "2013.10.15"]
[EventType "swiss"]
[EventRounds "4"]
[EventCountry "CAN"]
[SourceTitle "EXT 2022"]
[Source "ChessBase"]
[SourceDate "2021.10.06"]
[SourceVersion "1"]
[SourceVersionDate "2021.10.06"]
[SourceQuality "1"]

1. e4 g6 2. Nf3 Bg7 3. d4 d6 4. Be2 Nd7 5. Nc3 a6 6. O-O b5 7. Be3 Bb7 8. a3 Ngf6 9. Nd2 c5 10. f4 cxd4 11. Bxd4 e5 12. Be3 O-O 13. f5 d5 14. Nxd5 Nxd5 15. exd5 Bxd5 16. Bf3 Nf6 17. Bxd5 Nxd5 18. Bc5 Re8 19. Ne4 Bf8 20. Qf3 Bxc5+ 21. Nxc5 Nf4 22. g3 Qd4+ 23. Kh1 Qxc5 24. gxf4 e4 25. Qb3 Qxf5 26. Rae1 Rac8 27. Re3 Qe6 28. f5 Qxb3 29. cxb3 Rc5 30. fxg6 hxg6 31. Rf6 Rc2 32. Kg1 Rxb2 33. Rxa6 Rc8 34. Rf6 Rc1+ 35. Rf1 Rxf1+ 36. Kxf1 f5 37. h3 Ra2 38. b4 Rc2 39. Ke1 Kf7 40. Kd1 Rc4 41. Kd2 f4 42. Re1 Kf6 43. h4 Rd4+ 44. Kc3 Rc4+ 45. Kb3 f3 46. a4 f2 47. Rf1 e3 48. axb5 Rc8 49. b6 Ke6 50. b7 Rb8 51. Rc1 e2 52. Rc8 Rxb7 0-1

[Event "Gatineau TORO"]
[Site "Gatineau CAN"]
[Date "2013.06.07"]
[Round "1"]
[White "De Kerpel, Stijn"]
[Black "Laptos, Krzysztof"]
[Result "0-1"]
[WhiteElo "2048"]
[BlackElo "2271"]
[PlyCount "102"]
[GameId "2160767909339369"]
[EventDate "2013.06.07"]
[EventType "swiss"]
[EventRounds "5"]
[EventCountry "CAN"]
[SourceTitle "EXT 2022"]
[Source "ChessBase"]
[SourceDate "2021.10.06"]
[SourceVersion "1"]
[SourceVersionDate "2021.10.06"]
[SourceQuality "1"]

1. c4 d6 2. g3 e5 3. Bg2 f5 4. d4 Be7 5. Nc3 Nf6 6. dxe5 dxe5 7. Bg5 h6 8. Bxf6 Bxf6 9. e4 O-O 10. Qxd8 Bxd8 11. exf5 c6 12. Nf3 Bxf5 13. Nd2 Bb6 14. Nde4 Na6 15. f3 Rad8 16. Rd1 Nc5 17. Rxd8 Rxd8 18. Ke2 Ne6 19. Rd1 Nd4+ 20. Kf1 Rf8 21. c5 Ba5 22. Nd6 Bb4 23. Nxb7 Rb8 24. Nd6 Bxc5 25. Nde4 Bb4 26. f4 Nc2 27. Kf2 Ba5 28. Na4 exf4 29. Nd6 fxg3+ 30. hxg3 Bg4 31. Rc1 Rf8+ 32. Kg1 Nd4 33. Rc4 Ne2+ 34. Kh2 h5 35. Ne4 Bc7 36. Rxc6 Bb8 37. Nac3 Nd4 38. Rc4 Nf5 39. Nd5 Rd8 40. b4 Be5 41. Rc5 Bd4 42. Ra5 Rc8 43. Nf4 Ne3 44. Nd5 Nf5 45. Nf4 Rc1 46. Nd3 Bg1+ 47. Kh1 Rd1 48. Ra3 Bd4+ 49. Kh2 h4 50. gxh4 Bg1+ 51. Kh1 Bb6+ 0-1

[Event "Gatineau TORO"]
[Site "Gatineau CAN"]
[Date "2013.06.07"]
[Round "1"]
[White "Desjardins, Michel"]
[Black "Dumont, Felix"]
[Result "1/2-1/2"]
[WhiteElo "1869"]
[BlackElo "2151"]
[PlyCount "81"]
[GameId "2160767909339370"]
[EventDate "2013.06.07"]
[EventType "swiss"]
[EventRounds "5"]
[EventCountry "CAN"]
[SourceTitle "EXT 2022"]
[Source "ChessBase"]
[SourceDate "2021.10.06"]
[SourceVersion "1"]
[SourceVersionDate "2021.10.06"]
[SourceQuality "1"]

1. e4 c5 2. Nc3 d6 3. g3 Nc6 4. Bg2 g6 5. d3 Bg7 6. Be3 e6 7. Qd2 Nge7 8. Bh6 Bxh6 9. Qxh6 Nd4 10. O-O-O Qa5 11. Kb1 Bd7 12. Qg7 O-O-O 13. Nh3 h6 14. Qxf7 Nec6 15. Qxg6 Nb4 16. Rc1 Ne2 17. a3 Nxc3+ 18. bxc3 Qxa3 19. cxb4 c4 20. dxc4 Qxb4+ 21. Ka1 Qc3+ 22. Kb1 Rhg8 23. Qxh6 Qb4+ 24. Ka1 Rh8 25. Qe3 Rh5 26. Qb3 Ra5+ 27. Kb2 Qc5 28. Ra1 Qd4+ 29. Qc3 Qb6+ 30. Qb3 Qd4+ 31. c3 Qc5 32. Rxa5 Qxa5 33. Ra1 Qh5 34. e5 Qe2+ 35. Ka3 d5 36. cxd5 exd5 37. Bxd5 Qa6+ 38. Kb2 Qe2+ 39. Ka3 Qa6+ 40. Kb2 Qe2+ 41. Ka3 1/2-1/2

[Event "Gatineau TORO"]
[Site "Gatineau CAN"]
[Date "2013.06.07"]
[Round "1"]
[White "Hamilton, Robert"]
[Black "Doubleday, William"]
[Result "1-0"]
[WhiteElo "2305"]
[BlackElo "2065"]
[PlyCount "57"]
[GameId "2160767909339372"]
[EventDate "2013.06.07"]
[EventType "swiss"]
[EventRounds "5"]
[EventCountry "CAN"]
[SourceTitle "EXT 2022"]
[Source "ChessBase"]
[SourceDate "2021.10.06"]
[SourceVersion "1"]
[SourceVersionDate "2021.10.06"]
[SourceQuality "1"]

1. d4 d5 2. c4 c6 3. Nf3 Nf6 4. Qb3 e6 5. Nc3 Qb6 6. c5 Qxb3 7. axb3 Nbd7 8. Bf4 Be7 9. b4 b5 10. e3 O-O 11. Be2 Ne8 12. Nd2 g5 13. Bg3 f5 14. f3 f4 15. Bf2 e5 16. Nb3 exd4 17. exd4 Ndf6 18. Na5 Bd7 19. O-O Bd8 20. Nb7 Bc7 21. Na2 Ng7 22. Nc1 Rae8 23. Bd3 Nf5 24. Bxf5 Bxf5 25. Re1 Kf7 26. Ra6 Bd7 27. Nd3 Rxe1+ 28. Bxe1 Ne8 29. Ne5+ 1-0

[Event "Gatineau TORO"]
[Site "Gatineau CAN"]
[Date "2013.06.07"]
[Round "1"]
[White "Kalra, Agastya"]
[Black "Libersan, Mattieu"]
[Result "1-0"]
[WhiteElo "2084"]
[BlackElo "1867"]
[PlyCount "69"]
[GameId "2160767909347566"]
[EventDate "2013.06.07"]
[EventType "swiss"]
[EventRounds "5"]
[EventCountry "CAN"]
[SourceTitle "EXT 2022"]
[Source "ChessBase"]
[SourceDate "2021.10.06"]
[SourceVersion "1"]
[SourceVersionDate "2021.10.06"]
[SourceQuality "1"]

1. e4 e5 2. Nf3 f5 3. Nxe5 Nc6 4. Nxc6 dxc6 5. d4 Nf6 6. e5 Ne4 7. c3 Be6 8. Nd2 Qd7 9. Bd3 Nxd2 10. Bxd2 O-O-O 11. Qa4 Kb8 12. Bg5 c5 13. Bb5 c6 14. Be2 Be7 15. Bxe7 Qxe7 16. O-O g5 17. Qa3 g4 18. Rad1 f4 19. Qxc5 Qg5 20. Bc4 Bd5 21. Bxd5 Rxd5 22. Qc4 f3 23. Qd3 h5 24. Qe3 Qg6 25. c4 Rdd8 26. e6 h4 27. d5 g3 28. fxg3 fxg2 29. Rf2 cxd5 30. Qe5+ Ka8 31. e7 Rdg8 32. Qxh8 Rxh8 33. Rf8+ Qe8 34. Rxh8 Qxh8 35. Rxd5 1-0

[Event "Gatineau TORO"]
[Site "Gatineau CAN"]
[Date "2013.06.07"]
[Round "1"]
[White "Pacey, Kevin"]
[Black "Sadeghi, Saeid"]
[Result "1/2-1/2"]
[WhiteElo "2251"]
[BlackElo "2018"]
[PlyCount "114"]
[GameId "2160767909347567"]
[EventDate "2013.06.07"]
[EventType "swiss"]
[EventRounds "5"]
[EventCountry "CAN"]
[SourceTitle "EXT 2022"]
[Source "ChessBase"]
[SourceDate "2021.10.06"]
[SourceVersion "1"]
[SourceVersionDate "2021.10.06"]
[SourceQuality "1"]

1. d4 d5 2. c4 c6 3. Nf3 Nf6 4. Nc3 a6 5. cxd5 cxd5 6. Bf4 e6 7. e3 Bd6 8. Bxd6 Qxd6 9. Bd3 Nc6 10. O-O O-O 11. Rc1 e5 12. Nxe5 Nxe5 13. dxe5 Qxe5 14. Qa4 Ng4 15. Qf4 Qxf4 16. exf4 Nf6 17. Ne2 Bd7 18. Nd4 Rfc8 19. Rce1 Re8 20. Re5 Bc6 21. Nxc6 bxc6 22. Rc1 Rec8 23. Re7 Kf8 24. Rb7 Rcb8 25. Rxb8+ Rxb8 26. b3 Rb6 27. Rc5 Nd7 28. Ra5 Nb8 29. f3 h6 30. Kf2 Ke7 31. Ke3 Kd6 32. f5 c5 33. g4 Nc6 34. Ra4 a5 35. f4 Rb4 36. Rxb4 axb4 37. h3 Nd4 38. h4 f6 39. g5 Kc6 40. Kf2 c4 41. bxc4 dxc4 42. Bxc4 Nxf5 43. gxf6 gxf6 44. h5 Kc5 45. Be6 Ng7 46. Bf7 Kd4 47. Kf3 Nf5 48. Bg8 Nd6 49. Bh7 Nc8 50. Bc2 Kc3 51. Bb3 Nd6 52. Be6 Kd3 53. Bg8 Kd4 54. Bb3 Nf5 55. Bg8 Ne7 56. Bf7 Kd3 57. Bg6+ Kd4 1/2-1/2

[Event "Gatineau TORO"]
[Site "Gatineau CAN"]
[Date "2013.06.07"]
[Round "1"]
[White "Palsson, Halldor"]
[Black "Upper, John"]
[Result "1-0"]
[WhiteElo "1993"]
[BlackElo "2167"]
[PlyCount "65"]
[GameId "2160767909347568"]
[EventDate "2013.06.07"]
[EventType "swiss"]
[EventRounds "5"]
[EventCountry "CAN"]
[SourceTitle "EXT 2022"]
[Source "ChessBase"]
[SourceDate "2021.10.06"]
[SourceVersion "1"]
[SourceVersionDate "2021.10.06"]
[SourceQuality "1"]

1. d4 Nf6 2. c4 e6 3. Nf3 c5 4. d5 exd5 5. cxd5 d6 6. Nc3 g6 7. Nd2 Bg7 8. Nc4 O-O 9. Bf4 Ne8 10. e3 a6 11. a4 b6 12. Be2 Ra7 13. O-O Rb7 14. e4 Qe7 15. f3 Nd7 16. Bg3 f5 17. exf5 gxf5 18. Re1 Bd4+ 19. Bf2 Bxf2+ 20. Kxf2 Qh4+ 21. Kg1 Kh8 22. Bf1 Ndf6 23. Qb3 Rg8 24. Nxb6 Qd4+ 25. Kh1 c4 26. Qxc4 Qxb6 27. Qxc8 Rc7 28. Qxf5 Qxb2 29. Ne2 Rc5 30. Nf4 Nc7 31. Rad1 Rf8 32. Qh3 Rg8 33. Nd3 1-0

[Event "Gatineau TORO"]
[Site "Gatineau CAN"]
[Date "2013.06.07"]
[Round "1"]
[White "Sun, Mike"]
[Black "Sambuev, Bator"]
[Result "0-1"]
[WhiteElo "2084"]
[BlackElo "2589"]
[PlyCount "30"]
[GameId "2160767909347569"]
[EventDate "2013.06.07"]
[EventType "swiss"]
[EventRounds "5"]
[EventCountry "CAN"]
[SourceTitle "EXT 2022"]
[Source "ChessBase"]
[SourceDate "2021.10.06"]
[SourceVersion "1"]
[SourceVersionDate "2021.10.06"]
[SourceQuality "1"]

1. e4 e5 2. Nf3 d6 3. d4 Nf6 4. Nc3 Nbd7 5. Bc4 Be7 6. Qe2 O-O 7. g4 exd4 8. Nxd4 d5 9. g5 dxc4 10. gxf6 Bxf6 11. Be3 c5 12. Nf5 Bxc3+ 13. bxc3 Ne5 14. Bxc5 Bxf5 15. exf5 Qd5 0-1

[Event "Gatineau TORO"]
[Site "Gatineau CAN"]
[Date "2013.06.07"]
[Round "1"]
[White "Zhou, Qiyu"]
[Black "Larochelle, Martial"]
[Result "0-1"]
[WhiteElo "2008"]
[BlackElo "2186"]
[PlyCount "84"]
[GameId "2160767909347571"]
[EventDate "2013.06.07"]
[EventType "swiss"]
[EventRounds "5"]
[EventCountry "CAN"]
[SourceTitle "EXT 2022"]
[Source "ChessBase"]
[SourceDate "2021.10.06"]
[SourceVersion "1"]
[SourceVersionDate "2021.10.06"]
[SourceQuality "1"]

1. e4 c5 2. Nc3 d6 3. f4 Nc6 4. Nf3 g6 5. Bc4 Bg7 6. O-O Nf6 7. d3 O-O 8. Qe1 Nd4 9. Bb3 e6 10. Qh4 Nh5 11. Qf2 Nxb3 12. axb3 f5 13. exf5 gxf5 14. Bd2 Nf6 15. Rae1 Bd7 16. Re2 Qc7 17. Ng5 Rae8 18. Rfe1 Qc8 19. Kh1 h6 20. Nf3 Kh7 21. Nd1 Nd5 22. Qh4 Bf6 23. Qh5 Re7 24. Rg1 Qe8 25. Qh3 Rg8 26. Ng5+ Kg6 27. g4 hxg5 28. fxg5 Be5 29. gxf5+ exf5 30. Qh6+ Kf7 31. c4 Rh8 32. g6+ Kg8 33. Qg5 Nf6 34. Rge1 Bc6+ 35. Kg1 Bxh2+ 36. Kf1 Be5 37. Rxe5 Rxe5 38. Rxe5 Qxe5 39. Bc3 Rh1+ 40. Kf2 Rh2+ 41. Kg1 Qe2 42. Ne3 Rh1# 0-1

[Event "Gatineau TORO"]
[Site "Gatineau CAN"]
[Date "2013.06.07"]
[Round "2"]
[White "Dunne, Francesco"]
[Black "De Kerpel, Stijn"]
[Result "0-1"]
[WhiteElo "2072"]
[BlackElo "2048"]
[PlyCount "122"]
[GameId "2160767909347572"]
[EventDate "2013.06.07"]
[EventType "swiss"]
[EventRounds "5"]
[EventCountry "CAN"]
[SourceTitle "EXT 2022"]
[Source "ChessBase"]
[SourceDate "2021.10.06"]
[SourceVersion "1"]
[SourceVersionDate "2021.10.06"]
[SourceQuality "1"]

1. e4 g6 2. d4 Bg7 3. Nc3 d6 4. Be3 a6 5. Qd2 Nd7 6. f3 c6 7. h4 h5 8. Bd3 Qb6 9. Nge2 Qxb2 10. Rb1 Qa3 11. f4 Ngf6 12. e5 Ng4 13. O-O Nf8 14. Ne4 Nxe3 15. Qxe3 dxe5 16. fxe5 Ne6 17. c4 O-O 18. d5 cxd5 19. cxd5 Nc7 20. N4c3 Qa5 21. Bc4 b5 22. Bb3 b4 23. Na4 Nxd5 24. Bxd5 Qxd5 25. Nb6 Qxe5 26. Qxe5 Bxe5 27. Nxa8 Bg4 28. Nf4 a5 29. Nd5 Rxa8 30. Nxe7+ Kg7 31. Rfe1 Bg3 32. Re3 Bxh4 33. Nc6 Bd7 34. Nd4 Bf6 35. Nf3 Be6 36. Re2 Bc4 37. Rf2 g5 38. Kh1 g4 39. Ne1 Bd5 40. Rd2 Be4 41. Rbd1 Bc3 42. Rd6 Bf5 43. Nd3 Be6 44. Nc1 a4 45. Rb6 Bc4 46. Rd7 Re8 47. Rd1 Re6 48. Rb7 Rf6 49. Nd3 Rd6 50. Nb2 Rxd1+ 51. Nxd1 Be1 52. Nb2 Bxa2 53. Nd3 Bc3 54. Nxb4 Be6 55. Nc2 h4 56. Kg1 Kg6 57. Kf2 h3 58. gxh3 gxh3 59. Kg1 Bd5 60. Rb1 f6 61. Rb8 h2+ 0-1

[Event "Gatineau TORO"]
[Site "Gatineau CAN"]
[Date "2013.06.08"]
[Round "2"]
[White "Corriveau, Philippe"]
[Black "Pacey, Kevin"]
[Result "0-1"]
[WhiteElo "1985"]
[BlackElo "2234"]
[PlyCount "70"]
[GameId "2160767909347573"]
[EventDate "2013.06.07"]
[EventType "swiss"]
[EventRounds "5"]
[EventCountry "CAN"]
[SourceTitle "EXT 2022"]
[Source "ChessBase"]
[SourceDate "2021.10.06"]
[SourceVersion "1"]
[SourceVersionDate "2021.10.06"]
[SourceQuality "1"]

1. e4 c5 2. Nc3 e6 3. Nf3 a6 4. g3 b5 5. Bg2 Bb7 6. Qe2 d6 7. d3 Nf6 8. O-O Nc6 9. Bf4 Be7 10. Nd1 e5 11. Bd2 O-O 12. Ne3 Re8 13. Nf5 Bf8 14. h3 h6 15. g4 d5 16. g5 hxg5 17. Bxg5 dxe4 18. dxe4 Nd4 19. N3xd4 cxd4 20. Rfd1 Qb6 21. Rd3 Nh7 22. Bd2 Re6 23. h4 Rc8 24. Rc1 b4 25. h5 Rec6 26. Qg4 Kh8 27. Rg3 Nf6 28. Qh4 Rxc2 29. Rxc2 Rxc2 30. Nxg7 Rxd2 31. Nf5 d3 32. Rg6 Qxf2+ 33. Qxf2 Rxf2 34. Rxf6 Bc5 35. Kh1 d2 0-1

[Event "Gatineau TORO"]
[Site "Gatineau CAN"]
[Date "2013.06.08"]
[Round "2"]
[White "Doubleday, William"]
[Black "Zhou, Qiyu"]
[Result "1/2-1/2"]
[WhiteElo "2065"]
[BlackElo "2008"]
[PlyCount "100"]
[GameId "2160767909347574"]
[EventDate "2013.06.07"]
[EventType "swiss"]
[EventRounds "5"]
[EventCountry "CAN"]
[SourceTitle "EXT 2022"]
[Source "ChessBase"]
[SourceDate "2021.10.06"]
[SourceVersion "1"]
[SourceVersionDate "2021.10.06"]
[SourceQuality "1"]

1. d4 Nf6 2. c4 e6 3. g3 Be7 4. Bg2 d5 5. Nf3 O-O 6. O-O dxc4 7. Qa4 a6 8. Qxc4 b5 9. Qc2 Bb7 10. Bd2 Nbd7 11. Ba5 Rc8 12. Nbd2 Nd5 13. a3 Qe8 14. Rac1 c5 15. dxc5 Rxc5 16. Qb1 Qa8 17. Rxc5 Nxc5 18. Rc1 Rc8 19. Ne1 h6 20. h3 Bf6 21. e4 Ne7 22. Bc3 Bxc3 23. Rxc3 Na4 24. Rc2 Nc6 25. b3 Nb6 26. Ndf3 Nd7 27. Rc3 Nce5 28. Rxc8+ Qxc8 29. Nxe5 Nxe5 30. Nf3 Nxf3+ 31. Bxf3 Qc6 32. Bg2 f5 33. f3 fxe4 34. fxe4 Qc5+ 35. Kh2 Qxa3 36. Qd3 Qe7 37. Qd4 Qc7 38. Qa7 e5 39. b4 Kh7 40. h4 Kg8 41. Qf2 Bc8 42. Qa2+ Qf7 43. Qa5 Qd7 44. Qb6 Kh7 45. Qc5 Qe6 46. Qc7 Bd7 47. Kg1 Bc6 48. Kh2 Bd7 49. Kg1 Be8 50. Kh2 Bd7 1/2-1/2

[Event "Gatineau TORO"]
[Site "Gatineau CAN"]
[Date "2013.06.08"]
[Round "2"]
[White "Dumont, Felix"]
[Black "Martin, Spencer"]
[Result "1-0"]
[WhiteElo "2151"]
[BlackElo "1984"]
[PlyCount "69"]
[GameId "2160767909347575"]
[EventDate "2013.06.07"]
[EventType "swiss"]
[EventRounds "5"]
[EventCountry "CAN"]
[SourceTitle "EXT 2022"]
[Source "ChessBase"]
[SourceDate "2021.10.06"]
[SourceVersion "1"]
[SourceVersionDate "2021.10.06"]
[SourceQuality "1"]

1. Nf3 Nf6 2. c4 e5 3. Nxe5 Qe7 4. Nf3 Nc6 5. Nc3 d6 6. e3 Bf5 7. a3 h6 8. d4 g5 9. Bd3 Bh7 10. O-O O-O-O 11. b4 Ne4 12. Nxe4 Bxe4 13. b5 Nb8 14. Bxe4 Qxe4 15. Nd2 Qd3 16. Rb1 Rg8 17. Qb3 Qg6 18. e4 f5 19. exf5 Qxf5 20. Qf3 Qd7 21. a4 Bg7 22. Nb3 Rgf8 23. Qd3 b6 24. Be3 Qf5 25. Qxf5+ Rxf5 26. a5 Nd7 27. Rfc1 Nf6 28. c5 Ng4 29. cxb6 axb6 30. axb6 Rd7 31. Na5 Nxe3 32. fxe3 Rff7 33. b7+ Kb8 34. Rc6 Rde7 35. Ra6 1-0

[Event "Gatineau TORO"]
[Site "Gatineau CAN"]
[Date "2013.06.08"]
[Round "2"]
[White "Jebur, Akrem"]
[Black "Sun, Mike"]
[Result "0-1"]
[WhiteElo "2000"]
[BlackElo "2084"]
[PlyCount "42"]
[GameId "2160767909347576"]
[EventDate "2013.06.07"]
[EventType "swiss"]
[EventRounds "5"]
[EventCountry "CAN"]
[SourceTitle "EXT 2022"]
[Source "ChessBase"]
[SourceDate "2021.10.06"]
[SourceVersion "1"]
[SourceVersionDate "2021.10.06"]
[SourceQuality "1"]

1. e3 g6 2. Qf3 d5 3. Nc3 Nf6 4. a3 Bg7 5. b4 O-O 6. Bb2 e5 7. e4 c6 8. Rb1 Re8 9. h3 Be6 10. d3 Nbd7 11. g4 dxe4 12. dxe4 a5 13. g5 Nh5 14. Rd1 axb4 15. axb4 Qxg5 16. b5 Nb6 17. Rd6 Rad8 18. Ba3 Rxd6 19. Bxd6 Rd8 20. bxc6 Rxd6 21. cxb7 Qd2# 0-1

[Event "Gatineau TORO"]
[Site "Gatineau CAN"]
[Date "2013.06.08"]
[Round "2"]
[White "Laptos, Krzysztof"]
[Black "Palsson, Halldor"]
[Result "1-0"]
[WhiteElo "2271"]
[BlackElo "1993"]
[PlyCount "73"]
[GameId "2160767909347578"]
[EventDate "2013.06.07"]
[EventType "swiss"]
[EventRounds "5"]
[EventCountry "CAN"]
[SourceTitle "EXT 2022"]
[Source "ChessBase"]
[SourceDate "2021.10.06"]
[SourceVersion "1"]
[SourceVersionDate "2021.10.06"]
[SourceQuality "1"]

1. d4 d5 2. Bf4 c6 3. e3 e6 4. Bd3 f5 5. Qh5+ g6 6. Qe2 Bg7 7. Nf3 Nf6 8. Nbd2 O-O 9. Ne5 b6 10. h4 c5 11. c3 Nbd7 12. O-O-O Nxe5 13. Bxe5 Ne4 14. Nf3 Bd7 15. Bxg7 Kxg7 16. Ne5 Be8 17. Bxe4 fxe4 18. f3 exf3 19. gxf3 Qf6 20. Kb1 Rc8 21. Ka1 Rc7 22. Rdg1 Kh8 23. Qh2 Rg7 24. Rg5 h5 25. Rhg1 Rfg8 26. Qc2 Bf7 27. Qe2 Be8 28. a3 Qe7 29. e4 cxd4 30. cxd4 Qf6 31. Qe3 Kh7 32. exd5 exd5 33. f4 Bd7 34. Nxd7 Rxd7 35. f5 Re7 36. Qf3 Qxd4 37. Qxh5+ 1-0

[Event "Gatineau TORO"]
[Site "Gatineau CAN"]
[Date "2013.06.08"]
[Round "2"]
[White "Rose, Richard1"]
[Black "Cova, Ramon"]
[Result "0-1"]
[WhiteElo "1867"]
[BlackElo "2088"]
[PlyCount "84"]
[GameId "2160767909347580"]
[EventDate "2013.06.07"]
[EventType "swiss"]
[EventRounds "5"]
[EventCountry "CAN"]
[SourceTitle "EXT 2022"]
[Source "ChessBase"]
[SourceDate "2021.10.06"]
[SourceVersion "1"]
[SourceVersionDate "2021.10.06"]
[SourceQuality "1"]

1. e4 Nf6 2. e5 Nd5 3. d4 d6 4. c4 Nb6 5. exd6 exd6 6. Nf3 Bg4 7. b3 Be7 8. Be2 O-O 9. O-O Bf6 10. h3 Bh5 11. Nc3 Re8 12. Be3 c6 13. Rc1 d5 14. c5 N6d7 15. Qd2 Nf8 16. Rfe1 Bxf3 17. Bxf3 Ne6 18. b4 a6 19. a4 Nd7 20. b5 axb5 21. axb5 g6 22. Ra1 Bg7 23. bxc6 bxc6 24. Qd3 Qh4 25. Rxa8 Rxa8 26. Ne2 Qd8 27. Nf4 Ndf8 28. Nxe6 Nxe6 29. g3 Qf6 30. Bg4 Nxd4 31. Bxd4 Qxd4 32. Qxd4 Bxd4 33. Bd7 Ra2 34. Rf1 Bxc5 35. Bxc6 Rd2 36. Kg2 Kg7 37. g4 Kf6 38. Kg3 g5 39. Bd7 h6 40. Bf5 h5 41. f4 Bd6 42. Bd7 h4+ 0-1

[Event "Gatineau TORO"]
[Site "Gatineau CAN"]
[Date "2013.06.08"]
[Round "2"]
[White "Sadeghi, Saeid"]
[Black "Forget, David"]
[Result "0-1"]
[WhiteElo "2018"]
[BlackElo "1794"]
[PlyCount "74"]
[GameId "2160767909347581"]
[EventDate "2013.06.07"]
[EventType "swiss"]
[EventRounds "5"]
[EventCountry "CAN"]
[SourceTitle "EXT 2022"]
[Source "ChessBase"]
[SourceDate "2021.10.06"]
[SourceVersion "1"]
[SourceVersionDate "2021.10.06"]
[SourceQuality "1"]

1. d4 d5 2. Nf3 Bf5 3. e3 Nf6 4. c4 e6 5. Qb3 Nc6 6. c5 Rb8 7. Qa4 Be7 8. Ne5 O-O 9. Nxc6 bxc6 10. Qxc6 Ne4 11. Be2 e5 12. Qa4 exd4 13. exd4 Bg5 14. Qd1 Bxc1 15. Qxc1 Qf6 16. O-O Qxd4 17. Nc3 Nxc3 18. bxc3 Qxc5 19. Qg5 Bg6 20. Rad1 c6 21. h4 h6 22. Qd2 Qa3 23. h5 Bh7 24. Bf3 Rb2 25. Qd4 Rxa2 26. c4 dxc4 27. Qxc4 Bc2 28. Rd2 Bb3 29. Qd4 Rxd2 30. Qxd2 c5 31. Be4 c4 32. Qd4 Qe7 33. Ra1 Rd8 34. Rxa7 Rxd4 35. Rxe7 Kf8 36. Re5 c3 37. Bc6 Rd8 0-1

[Event "Gatineau TORO"]
[Site "Gatineau CAN"]
[Date "2013.06.08"]
[Round "2"]
[White "Sambuev, Bator"]
[Black "Tomb, Maroun"]
[Result "1-0"]
[WhiteElo "2589"]
[BlackElo "2184"]
[PlyCount "63"]
[GameId "2160767909347582"]
[EventDate "2013.06.07"]
[EventType "swiss"]
[EventRounds "5"]
[EventCountry "CAN"]
[SourceTitle "EXT 2022"]
[Source "ChessBase"]
[SourceDate "2021.10.06"]
[SourceVersion "1"]
[SourceVersionDate "2021.10.06"]
[SourceQuality "1"]

1. d4 Nf6 2. Nf3 d6 3. Nc3 Nbd7 4. e4 e5 5. Bc4 Be7 6. O-O O-O 7. Re1 c6 8. a4 a5 9. Ba2 Qc7 10. h3 Rb8 11. Qd3 exd4 12. Nxd4 Ne5 13. Qg3 Nh5 14. Qe3 g5 15. Nce2 Kh8 16. Bd2 b5 17. Ng3 Nf4 18. Nde2 Neg6 19. Qc3+ f6 20. Nd4 Ne5 21. axb5 Qb6 22. Ngf5 c5 23. Nc6 Nxc6 24. bxc6 Bxf5 25. exf5 Bd8 26. g3 Nxh3+ 27. Kg2 g4 28. Bd5 c4 29. Re2 Kg7 30. Qxc4 h5 31. Bxa5 Qxb2 32. Bc3 1-0

[Event "Gatineau TORO"]
[Site "Gatineau CAN"]
[Date "2013.06.08"]
[Round "3"]
[White "Dunne, Francesco"]
[Black "Rose, Richard1"]
[Result "1-0"]
[WhiteElo "2072"]
[BlackElo "1867"]
[PlyCount "97"]
[GameId "2160767909347584"]
[EventDate "2013.06.07"]
[EventType "swiss"]
[EventRounds "5"]
[EventCountry "CAN"]
[SourceTitle "EXT 2022"]
[Source "ChessBase"]
[SourceDate "2021.10.06"]
[SourceVersion "1"]
[SourceVersionDate "2021.10.06"]
[SourceQuality "1"]

1. e4 c5 2. Nc3 Nc6 3. g3 e6 4. Bg2 d6 5. d3 Bd7 6. Be3 Be7 7. f4 Nf6 8. h3 Qb6 9. Qd2 Nd4 10. Nd1 h5 11. c3 Nc6 12. Ne2 e5 13. O-O exf4 14. Nxf4 Qa5 15. Qf2 O-O-O 16. d4 cxd4 17. cxd4 Kb8 18. Nc3 h4 19. g4 Bxg4 20. hxg4 Nxg4 21. Qf3 Qg5 22. Nfd5 Nxe3 23. Qxe3 h3 24. Qxg5 Bxg5 25. Bf3 Nxd4 26. Rad1 Nc6 27. Kh2 Ne5 28. Be2 Rh6 29. Rg1 f6 30. Rdf1 Re8 31. Nb5 Nf7 32. Bf3 a6 33. Nd4 Ne5 34. Nf5 Nxf3+ 35. Rxf3 Rh7 36. Nxd6 Re6 37. Rxg5 Rxd6 38. Rgg3 Re6 39. Nc3 b5 40. a3 a5 41. b4 axb4 42. axb4 Re5 43. Rxh3 Rxh3+ 44. Kxh3 Kc7 45. Rf5 Kd6 46. Nxb5+ Ke6 47. Rxe5+ Kxe5 48. Nc3 Kd4 49. b5 1-0

[Event "Gatineau TORO"]
[Site "Gatineau CAN"]
[Date "2013.06.08"]
[Round "3"]
[White "Forget, David"]
[Black "Larochelle, Martial"]
[Result "0-1"]
[WhiteElo "1794"]
[BlackElo "2186"]
[PlyCount "50"]
[GameId "2160767909347585"]
[EventDate "2013.06.07"]
[EventType "swiss"]
[EventRounds "5"]
[EventCountry "CAN"]
[SourceTitle "EXT 2022"]
[Source "ChessBase"]
[SourceDate "2021.10.06"]
[SourceVersion "1"]
[SourceVersionDate "2021.10.06"]
[SourceQuality "1"]

1. d4 Nf6 2. c4 g6 3. Nc3 d5 4. Bf4 Bg7 5. e3 c5 6. dxc5 Qa5 7. Qa4+ Qxa4 8. Nxa4 Bd7 9. Nc3 Na6 10. cxd5 Nxc5 11. Nf3 O-O 12. Be2 Na4 13. Nxa4 Bxa4 14. O-O Nxd5 15. Be5 Rfc8 16. Bxg7 Kxg7 17. Rac1 Kf6 18. Nd2 e6 19. Bf3 Bc6 20. Rfd1 Ke7 21. Kf1 Rd8 22. Ke1 Nb4 23. Bxc6 Nd3+ 24. Ke2 Nxc1+ 25. Rxc1 Rac8 0-1

[Event "Gatineau TORO"]
[Site "Gatineau CAN"]
[Date "2013.06.08"]
[Round "3"]
[White "Hamilton, Robert"]
[Black "Sambuev, Bator"]
[Result "0-1"]
[WhiteElo "2305"]
[BlackElo "2589"]
[PlyCount "80"]
[GameId "2160767909347586"]
[EventDate "2013.06.07"]
[EventType "swiss"]
[EventRounds "5"]
[EventCountry "CAN"]
[SourceTitle "EXT 2022"]
[Source "ChessBase"]
[SourceDate "2021.10.06"]
[SourceVersion "1"]
[SourceVersionDate "2021.10.06"]
[SourceQuality "1"]

1. e4 e5 2. Nf3 d6 3. Bc4 Be7 4. d4 exd4 5. Nxd4 Nf6 6. Nc3 O-O 7. O-O c6 8. Re1 b5 9. Bf1 b4 10. Na4 Re8 11. c4 Bf8 12. f3 c5 13. Nc2 Nc6 14. b3 g6 15. Bb2 Bg7 16. Qd2 Re6 17. e5 Nh5 18. exd6 Rxd6 19. Re8+ Qxe8 20. Qxd6 Bf8 21. Qd2 Be6 22. Qf2 Qe7 23. Rd1 Rd8 24. Rxd8 Nxd8 25. Bc1 Bd7 26. Nb2 Ne6 27. Nd3 Qd6 28. g3 Bc6 29. Bb2 Bg7 30. Bxg7 Nhxg7 31. Nde1 Nf5 32. Bh3 Nfd4 33. Bxe6 Nxe6 34. Qe3 Qd1 35. f4 h5 36. Kf1 Qb1 37. f5 gxf5 38. a3 Be4 39. Nxb4 cxb4 40. axb4 a6 0-1